Government Construction Strategy: 2016-2020 (Record no. 115781)

MARC details
000 -LEADER
fixed length control field 01224cam a22002055a 4500
001 - CONTROL NUMBER
control field L159285
008 - FIXED-LENGTH DATA ELEMENTS--GENERAL INFORMATION
fixed length control field 160504s2016 xxk f 000 0 eng d
035 ## - SYSTEM CONTROL NUMBER
System control number (Sirsi) u159285
041 0# - LANGUAGE CODE
Language code of text/sound track or separate title eng
110 2# - MAIN ENTRY--CORPORATE NAME
Corporate name or jurisdiction name as entry element Cabinet Office
9 (RLIN) 1071
245 00 - TITLE STATEMENT
Title Government Construction Strategy: 2016-2020
Medium [electronic resource]
260 ## - PUBLICATION, DISTRIBUTION, ETC.
Name of publisher, distributor, etc. Infrastructure and Projects Authority
Date of publication, distribution, etc. 2016
300 ## - PHYSICAL DESCRIPTION
Extent PDF
520 ## - SUMMARY, ETC.
Summary, etc. The Government Construction Strategy sets out a new plan to increase productivity in government construction to deliver £1.7 billion efficiencies and support 20,000 apprenticeships over the course of this parliament. The strategy sets out ambitions for smarter procurement, fairer payment, improving digital skills, reducing carbon emissions, and increasing client capability. These themes are consistent with the wider ambitions for industry in Construction 2025, which is being delivered by industry and government through the Construction Leadership Council.
590 ## - LOCAL NOTE (RLIN)
Local note KA
651 #4 - SUBJECT ADDED ENTRY--GEOGRAPHIC NAME
Geographic name ENGLAND AND WALES
710 1# - ADDED ENTRY--CORPORATE NAME
Corporate name or jurisdiction name as entry element Infrastructure and Projects Authority
856 40 - ELECTRONIC LOCATION AND ACCESS
Uniform Resource Identifier <a href="https://www.gov.uk/government/publications/government-construction-strategy-2016-2020">https://www.gov.uk/government/publications/government-construction-strategy-2016-2020</a>
Public note Paper available free on www.gov.uk
942 ## - ADDED ENTRY ELEMENTS (KOHA)
Suppress in OPAC 0
Holdings
Withdrawn status Lost status Source of classification or shelving scheme Damaged status Not for loan Home library Current library Shelving location Date acquired Total Checkouts Full call number Barcode Date last seen Copy number Price effective from Koha item type
    Dewey Decimal Classification     Virtual Virtual Online 04/05/2016   ONLINE PUBLICATION 159285-10001 06/08/2019 1 06/08/2019 Book